000 00360cam a22001097a 4500
008 180718b1949 xxu||||| |||| 00| 0 eng d
082 _aI5135x54 In2R
100 _aAyyangar, N. Gopalaswami
245 _aReport on reorganisation of the machinary of government
_cby N. Gopalaswami Ayyangar
260 _aFaridabad
_bGovernment of India Press
_c1949
300 _a52+p
999 _c491409
_d491409